Reconnaissance plantes de haies - Statistiques

Statistiques générales
  • Ce quiz a été pris 36 fois
  • Le résultat moyen est 11 sur 19
Statistiques - réponses
Par images Réponse % Correct
Houx/ Ilex aquifolium
88%
Charme/ Carpinus betulus
75%
Photinia/ Photinia x fraseri
71%
Laurier du Portugal/ Prunus lustanica
67%
Laurier Palme/ Prunus laurocerasus
67%
Hêtre/ Fagus sylvatica
63%
Millepertuis/ Hypericum hidcote
63%
Thuya/ thuja occidentalis
63%
Fusain/ Euonymus japonicus
58%
Oranger du Mexique/ Choisya ternata
58%
Abelia/ Abelia x grandiflora
54%
Laurier Thym/ Viburnum tinus
54%
Aucuba/ Aucuba japonica
50%
Spirée/ Spirea thunbergii
50%
Buisson ardent/ Pyracantha saphys
46%
Épine Vinette/ Berberis thunbergii
46%
Arbousier/ Arbustus unedo
38%
Chalef d'Europe/ Elaeagnus x ebbingei
38%
Cotoneaster/ Cotoneaster franchetti
38%
Aucun quiz correspondant
Distribution des résultats
% des personnes avec chaque résultat
Percentile par nombre de réponses
Votre historique - résultats
Vous n’avez pas pris ce quiz